000 01182cam a2200349 i 4500
001 17933075
003 OSt
005 20260121160317.0
008 131106s2014 ilu b 000 0 eng
010 _a 2013040762
020 _a9780830841097
_qpbk. : alk. paper
035 _a17933075
040 _aDLC
_beng
_cDLC
_erda
_dDLC
042 _apcc
050 0 0 _aBV4011.3
_b.S75 2014
082 0 0 _a253
_223
100 1 _aStone, Charles,
_d1954-
245 1 0 _aPeople-pleasing pastors :
_bavoiding the pitfalls of approval-motivated leadership /
_cCharles Stone.
264 1 _aDowners Grove, IL :
_bInterVarsity Press,
_c[2014]
300 _a234 pages ;
_c22 cm
336 _atext
_2rdacontent
337 _aunmediated
_2rdamedia
338 _avolume
_2rdacarrier
504 _aIncludes bibliographical references (pages 229-234).
650 0 _aPastoral theology.
650 0 _aChristian leadership.
650 0 _aMotivation (Psychology)
_xReligious aspects
_xChristianity.
650 0 _aSocial acceptance.
906 _a7
_bcbc
_corignew
_d1
_eecip
_f20
_gy-gencatlg
942 _2lcc
_cBK
999 _c21099
_d21098